| 000 | 00366 a2200157 4500 | ||
|---|---|---|---|
| 001 | 154306 | ||
| 040 | _cEscola São Tomás de Aquino | ||
| 100 | _aLARREULA, Enric | ||
| 240 | 1 | 0 |
_aO casamento da Bruxa Onilda _lpor |
| 245 | 1 | 0 | _aO casamento da Bruxa Onilda |
| 300 | _a31 | ||
| 362 | 0 | _a2003 | |
| 440 | 1 | _aScipione | |
| 697 | _a*LITERATURA INFANTO | ||
| 942 | _cBK | ||
| 999 |
_c154306 _d154306 |
||